Bài giải các đề thi tuyển sinh đại học (từ năm 1970 đến năm 1976) : Môn vật lý
Na minha lista:
| Formato: | Sách giấy |
|---|---|
| Idioma: | Vietnamese |
| Publicado em: |
Hà Nội :
Đại học và Trung học Chuyên nghiệp ,
1978
|
| Tags: |
Adicionar Tag
Sem tags, seja o primeiro a adicionar uma tag!
|
| Thư viện lưu trữ: | Thư viện Trường Đại học Đà Lạt |
|---|
| LEADER | 00597nam a2200217 4500 | ||
|---|---|---|---|
| 001 | DLU040025875 | ||
| 005 | ##2/6/1999 | ||
| 041 | # | # | |a vie |
| 082 | # | # | |a 530.076 |b Bai |
| 245 | # | # | |a Bài giải các đề thi tuyển sinh đại học (từ năm 1970 đến năm 1976) : |b Môn vật lý |
| 260 | # | # | |a Hà Nội : |b Đại học và Trung học Chuyên nghiệp , |c 1978 |
| 300 | # | # | |a 380 tr.; |c 19 cm. |
| 992 | # | # | |a 1235 |
| 994 | # | # | |a DLU |
| 900 | # | # | |a True |
| 911 | # | # | |a Thái Thị Thanh Thủy |
| 925 | # | # | |a G |
| 926 | # | # | |a A |
| 927 | # | # | |a SH |
| 980 | # | # | |a Thư viện Trường Đại học Đà Lạt |